<?xml version="1.0" encoding="UTF-8"?>
<record
    xmlns:xsi="http://www.w3.org/2001/XMLSchema-instance"
    xsi:schemaLocation="http://www.loc.gov/MARC21/slim http://www.loc.gov/standards/marcxml/schema/MARC21slim.xsd"
    xmlns="http://www.loc.gov/MARC21/slim">

  <leader>00795nam a22002177a 4500</leader>
  <controlfield tag="005">20100814112556.0</controlfield>
  <datafield tag="010" ind1=" " ind2=" ">
    <subfield code="a">ENG-100034</subfield>
  </datafield>
  <datafield tag="020" ind1=" " ind2=" ">
    <subfield code="a">9788173716874</subfield>
    <subfield code="c">150.00</subfield>
  </datafield>
  <datafield tag="035" ind1=" " ind2=" ">
    <subfield code="a">EN-83566</subfield>
  </datafield>
  <datafield tag="037" ind1=" " ind2=" ">
    <subfield code="b">DBAD/PUB</subfield>
  </datafield>
  <datafield tag="082" ind1=" " ind2=" ">
    <subfield code="a">616.1207547</subfield>
  </datafield>
  <datafield tag="100" ind1=" " ind2=" ">
    <subfield code="a">Misra,K.P.</subfield>
    <subfield code="9">13620</subfield>
  </datafield>
  <datafield tag="245" ind1=" " ind2=" ">
    <subfield code="a">A primer of E.C.G:</subfield>
    <subfield code="b">a simple and deductive approach /</subfield>
    <subfield code="c">by K.P.Misra</subfield>
  </datafield>
  <datafield tag="260" ind1=" " ind2=" ">
    <subfield code="a">Hyderabad</subfield>
    <subfield code="b">Universities press (India)</subfield>
    <subfield code="c">2010</subfield>
  </datafield>
  <datafield tag="270" ind1=" " ind2=" ">
    <subfield code="a">3-6-747/1/A &amp; 3-6-754/1,HimayatNagar</subfield>
    <subfield code="b">Hyderabad</subfield>
    <subfield code="e">500029</subfield>
  </datafield>
  <datafield tag="300" ind1=" " ind2=" ">
    <subfield code="a">152p.</subfield>
    <subfield code="c">24cm (pbk)</subfield>
  </datafield>
  <datafield tag="500" ind1=" " ind2=" ">
    <subfield code="a">Includes index</subfield>
  </datafield>
  <datafield tag="650" ind1=" " ind2=" ">
    <subfield code="a">E.C.G</subfield>
    <subfield code="9">13621</subfield>
  </datafield>
  <datafield tag="942" ind1=" " ind2=" ">
    <subfield code="2">ddc</subfield>
    <subfield code="c">EN</subfield>
    <subfield code="h">616.1207547</subfield>
    <subfield code="m">MIS</subfield>
  </datafield>
  <datafield tag="999" ind1=" " ind2=" ">
    <subfield code="c">41816</subfield>
    <subfield code="d">41816</subfield>
  </datafield>
  <datafield tag="952" ind1=" " ind2=" ">
    <subfield code="0">0</subfield>
    <subfield code="1">0</subfield>
    <subfield code="4">0</subfield>
    <subfield code="7">1</subfield>
    <subfield code="8">NFIC</subfield>
    <subfield code="a">DBAD</subfield>
    <subfield code="b">DBAD</subfield>
    <subfield code="d">2010-08-14</subfield>
    <subfield code="e">DBAD / PUB</subfield>
    <subfield code="g">150.00</subfield>
    <subfield code="l">0</subfield>
    <subfield code="o">616.1207547 MIS</subfield>
    <subfield code="p">EN-83566</subfield>
    <subfield code="r">2010-08-14 00:00:00</subfield>
    <subfield code="v">150.00</subfield>
    <subfield code="y">EN</subfield>
  </datafield>
</record>
